000 00498nam a2200157Ia 4500
008 100122s9999 xx 000 0 und d
082 _b66433
_a136.7
100 _aनाडकर्णी सुरेश
245 _aमुलगी वयात येते
250 _a1
260 _bपॉप्युलर प्रकाशन
_c2004
300 _a166
630 _aमुलगी वयात येते
730 _aमुलगी वयात येते
942 _cBOOK
999 _c438965
_d438962